[Event "LTU-ch Amateurs"]
[Site "Kaunas"]
[Date "2020.08.27"]
[Round "1"]
[White "Kaunas, Kestutis"]
[Black "Dijokas, Jokubas"]
[Result "1-0"]
[WhiteElo "2178"]
[BlackElo "1202"]
[PlyCount "95"]
[EventDate "2020.08.27"]
[EventType "swiss"]
[EventRounds "7"]
[EventCountry "LTU"]
[SourceTitle "EXT 2022"]
[Source "ChessBase"]
[SourceDate "2021.10.06"]
[SourceVersion "1"]
[SourceVersionDate "2021.10.06"]
[SourceQuality "1"]

1. d4 d5 2. c4 e6 3. Nc3 Nf6 4. Bg5 Be7 5. e3 c6 6. Nf3 Nbd7 7. Qc2 0-0 8. cxd5 exd5 9. Bd3 h6 10. Bh4 Nb6 11. h3 Be6 12. 0-0 Nbd7 13. Rab1 Bd6 14. b4 Qc7 15. Bxf6 Nxf6 16. Na4 a6 17. Nc5 Bxc5 18. bxc5 Nd7 19. Rb2 Rfb8 20. Rc1 Qa5 21. Rcb1 Ra7 22. Nd2 Qc7 23. f4 Nf6 24. Nf3 Bc8 25. Ne5 Nd7 26. Qd2 Nxe5 27. fxe5 Be6 28. Rb6 Raa8 29. Qb2 Ra7 30. a4 a5 31. Qf2 Qd7 32. Kh2 Re8 33. Qb2 Re7 34. Qf2 Qc7 35. Qf4 Bc8 36. Rf1 Qd7 37. g4 g5 38. Qf6 Qe6 39. Qf3 Qd7 40. Rb2 Qe8 41. Rbf2 Qf8 42. Qf6 Ra8 43. h4 Bxg4 44. hxg5 hxg5 45. Qxg5+ Kh8 46. Qh4+ Kg8 47. Rg2 f5 48. exf6 1-0

[Event "Klaipeda Sea op-A 17th"]
[Site "Klaipeda"]
[Date "2020.07.25"]
[Round "6"]
[White "Kaunas, Kestutis"]
[Black "Viliusis, Neimantas"]
[Result "1-0"]
[WhiteElo "2178"]
[BlackElo "1461"]
[PlyCount "87"]
[EventDate "2020.07.20"]
[EventType "swiss"]
[EventRounds "7"]
[EventCountry "LTU"]
[SourceTitle "CBM 197 Extra"]
[Source "ChessBase"]
[SourceDate "2020.09.30"]
[SourceVersion "1"]
[SourceVersionDate "2020.09.30"]
[SourceQuality "1"]

1. d4 Nf6 2. c4 g6 3. Nc3 Bg7 4. e4 d6 5. Nf3 0-0 6. Be2 e5 7. Be3 Nbd7 8. 0-0 exd4 9. Nxd4 Nc5 10. f3 Bd7 11. Qd2 Ne6 12. Nc2 Qe7 13. Rac1 Rfd8 14. Nd5 Nxd5 15. cxd5 Nc5 16. b4 Na4 17. Nd4 Rac8 18. Bd1 Nb6 19. Bb3 Rf8 20. b5 f5 21. exf5 Bxf5 22. Rfe1 Qf6 23. Ne6 Bxe6 24. dxe6 Qe7 25. a4 Rce8 26. a5 Nc8 27. Qc2 Rf5 28. Qxc7 Qxc7 29. Rxc7 d5 30. g4 Rxf3 31. Kg2 Rff8 32. Bc5 Rf4 33. Kg3 Re4 34. Rxe4 dxe4 35. e7+ Kh8 36. Rxc8 Rxc8 37. Bf7 Be5+ 38. Kf2 Rxc5 39. e8Q+ Kg7 40. Bb3 Bd4+ 41. Ke2 Rc3 42. Qf7+ Kh6 43. Qf4+ Kg7 44. Qxe4 1-0

[Event "Klaipeda Sea op-A 17th"]
[Site "Klaipeda"]
[Date "2020.07.24"]
[Round "5"]
[White "Pidluznij, Gleb"]
[Black "Kaunas, Kestutis"]
[Result "1-0"]
[WhiteElo "2042"]
[BlackElo "2178"]
[PlyCount "113"]
[EventDate "2020.07.20"]
[EventType "swiss"]
[EventRounds "7"]
[EventCountry "LTU"]
[SourceTitle "CBM 197 Extra"]
[Source "ChessBase"]
[SourceDate "2020.09.30"]
[SourceVersion "1"]
[SourceVersionDate "2020.09.30"]
[SourceQuality "1"]

1. e4 Nf6 2. e5 Nd5 3. d4 d6 4. c4 Nb6 5. exd6 exd6 6. Nc3 Be7 7. Bd3 Nc6 8. Nge2 Bg4 9. Be3 Nb4 10. Bb1 c5 11. b3 Nc6 12. f3 Bh5 13. d5 Ne5 14. 0-0 Bg6 15. Ng3 Bxb1 16. Rxb1 0-0 17. Nf5 Qd7 18. Nxe7+ Qxe7 19. Re1 Qf6 20. Qd2 Qg6 21. Kh1 Rae8 22. Bf4 Nbd7 23. Re3 a6 24. Rbe1 f5 25. Bxe5 dxe5 26. Na4 h6 27. Nb2 e4 28. Nd1 Nf6 29. Nf2 f4 30. Rxe4 Nxe4 31. Nxe4 b6 32. d6 Qe6 33. Rd1 Rd8 34. a4 a5 35. Qc3 Rf5 36. Rd3 Qe5 37. Qc1 Qe6 38. Qd2 Kf7 39. d7 Ke7 40. Rd6 Qe5 41. h3 Rf7 42. Rxb6 Rxd7 43. Qxa5 Rf5 44. Rc6 Qd4 45. Qb6 Re5 46. Rc7 Rxc7 47. Qxc7+ Kf8 48. Qc8+ Kf7 49. Qg4 Rxe4 50. Qf5+ Kg8 51. Qxe4 Qd1+ 52. Kh2 Qxb3 53. a5 Qa3 54. Qa8+ Kf7 55. Qb7+ Kf6 56. a6 Qa2 57. a7 1-0

[Event "LTU-chT Rapid"]
[Site "Panevezys"]
[Date "2019.11.24"]
[Round "5.3"]
[White "Kaunas, Kestutis"]
[Black "Stremavicius, Pijus"]
[Result "1/2-1/2"]
[WhiteElo "1945"]
[BlackElo "2165"]
[PlyCount "124"]
[EventDate "2019.11.23"]
[EventType "team-swiss (rapid)"]
[EventRounds "8"]
[EventCountry "LTU"]
[SourceTitle "EXT 2023"]
[Source "ChessBase"]
[SourceDate "2022.10.05"]
[SourceVersion "1"]
[SourceVersionDate "2022.10.05"]
[SourceQuality "1"]

1. d4 d6 2. e4 Nf6 3. Nc3 g6 4. Nf3 Bg7 5. Be2 0-0 6. 0-0 c6 7. Re1 Bg4 8. h3 Bxf3 9. Bxf3 e5 10. dxe5 dxe5 11. Qxd8 Rxd8 12. Be3 Nbd7 13. g4 Bf8 14. g5 Ne8 15. Rad1 Nc7 16. Rd2 Nb6 17. Rxd8 Rxd8 18. b3 Bb4 19. Rd1 Rxd1+ 20. Nxd1 Ne6 21. c3 Be7 22. h4 h6 23. Bg4 Nc5 24. f3 hxg5 25. hxg5 Kf8 26. b4 Nd3 27. Bxb6 axb6 28. Bc8 c5 29. b5 Bxg5 30. Bxb7 Ke7 31. Bd5 f5 32. a4 Kd6 33. Kf1 Nf4 34. c4 Nd3 35. Ke2 Nc1+ 36. Kf2 Bf4 37. Bf7 fxe4 38. fxe4 g5 39. Kf3 Nd3 40. Kg4 Bd2 41. Kf3 Nf4 42. Nf2 Bb4 43. Ng4 Nd3 44. Ne3 Nb2 45. Kg4 Nxa4 46. Nf5+ Kd7 47. Kxg5 Nc3 48. Bd5 Ba3 49. Kf6 Bb2 50. Be6+ Kc7 51. Bd5 Kd7 52. Bc6+ Kc7 53. Ke6 Ne2 54. Ne7 Nf4+ 55. Kf7 Bc3 56. Nf5 Ne2 57. Ng7 Nd4 58. Ne8+ Kd8 59. Bd5 Bd2 60. Ng7 Kc7 61. Ne6+ Kd6 62. Ng7 Kc7 1/2-1/2

[Event "LTU-chT Rapid"]
[Site "Panevezys"]
[Date "2019.11.24"]
[Round "7.3"]
[White "Kaunas, Kestutis"]
[Black "Vedrickas, Tautvydas"]
[Result "1-0"]
[WhiteElo "1945"]
[BlackElo "2209"]
[PlyCount "99"]
[EventDate "2019.11.23"]
[EventType "team-swiss (rapid)"]
[EventRounds "8"]
[EventCountry "LTU"]
[SourceTitle "EXT 2023"]
[Source "ChessBase"]
[SourceDate "2022.10.05"]
[SourceVersion "1"]
[SourceVersionDate "2022.10.05"]
[SourceQuality "1"]

1. d4 d6 2. e4 g6 3. Nf3 Bg7 4. Nc3 a6 5. a4 b6 6. Bc4 e6 7. Bg5 Ne7 8. 0-0 Nd7 9. Qd2 h6 10. Be3 Bb7 11. Ne1 Nf6 12. d5 e5 13. f3 Nh5 14. Nd3 f5 15. f4 fxe4 16. Nxe4 Bxd5 17. Bxd5 Nxd5 18. fxe5 dxe5 19. Rad1 Qh4 20. Ndc5 0-0-0 21. Qe2 Nb4 22. g3 Qe7 23. Nxa6 Rxd1 24. Rxd1 Nf6 25. Nxf6 Bxf6 26. a5 Kb7 27. Nxb4 Qxb4 28. axb6 Rd8 29. bxc7 Rxd1+ 30. Qxd1 Kxc7 31. b3 h5 32. Kf2 Qe4 33. Qd3 Qh1 34. Qxg6 Qxh2+ 35. Ke1 Qh1+ 36. Ke2 Qg2+ 37. Bf2 Be7 38. Qxh5 Qe4+ 39. Kf1 Bd6 40. Qf7+ Kc6 41. Qc4+ Qxc4+ 42. bxc4 Kd7 43. Ke2 Ke6 44. Kf3 Kf5 45. g4+ Kg5 46. Be3+ Kh4 47. g5 Kh5 48. Ke4 Kg6 49. c5 Bc7 50. c6 1-0

[Event "LTU-ch Rapid op"]
[Site "Taujenai"]
[Date "2019.10.20"]
[Round "9.10"]
[White "Kaunas, Kestutis"]
[Black "Vedrickas, Tautvydas"]
[Result "0-1"]
[WhiteElo "1987"]
[BlackElo "2234"]
[PlyCount "79"]
[EventDate "2019.10.19"]
[EventType "swiss (rapid)"]
[EventRounds "11"]
[EventCountry "LTU"]
[SourceTitle "EXT 2023"]
[Source "ChessBase"]
[SourceDate "2022.10.05"]
[SourceVersion "1"]
[SourceVersionDate "2022.10.05"]
[SourceQuality "1"]

1. d4 d5 2. c4 e6 3. Nf3 Ne7 4. Nc3 Nbc6 5. Bf4 a6 6. e3 g6 7. Bd3 Bg7 8. a3 0-0 9. 0-0 b6 10. b4 dxc4 11. Bxc4 Bb7 12. Qc2 Nf5 13. Rad1 Nce7 14. e4 Nxd4 15. Nxd4 Bxd4 16. Ne2 c5 17. bxc5 bxc5 18. Nxd4 cxd4 19. Qb2 Bxe4 20. Rxd4 Bd5 21. Bg5 f6 22. Bxd5 exd5 23. Bf4 Qd7 24. h3 Rac8 25. Re1 Nf5 26. Rb4 Rf7 27. Qb3 Kg7 28. g4 a5 29. Rb6 Rc4 30. Bh2 Nd4 31. Qd3 Re7 32. Re3 Rf7 33. Rd6 Qb5 34. Ra6 Qd7 35. g5 Nf5 36. Rb6 Nh4 37. Re5 Nf5 38. Kg2 Rc1 39. Kf3 Qc8 40. Qd2 0-1

[Event "Helsinki Seniors"]
[Site "Helsinki"]
[Date "2019.08.18"]
[Round "9"]
[White "Mishuchkov, Nikolai Mikhailovic"]
[Black "Kaunas, Kestutis"]
[Result "1-0"]
[WhiteElo "2274"]
[BlackElo "2154"]
[PlyCount "73"]
[EventDate "2019.08.14"]
[EventType "tourn"]
[EventRounds "9"]
[EventCountry "FIN"]
[SourceTitle "CBM 191 Extra"]
[Source "ChessBase"]
[SourceDate "2019.09.30"]
[SourceVersion "1"]
[SourceVersionDate "2019.09.30"]
[SourceQuality "1"]

1. d4 d5 2. Nf3 Nf6 3. c4 e6 4. e3 b6 5. Bd3 Bd6 6. 0-0 0-0 7. Nc3 Bb7 8. cxd5 exd5 9. b3 a6 10. Bb2 Nbd7 11. Rc1 Re8 12. Ne2 Ne4 13. Ng3 Qf6 14. Bxe4 dxe4 15. Ne5 Rad8 16. Nc6 Rc8 17. Qg4 Bxg3 18. fxg3 Qd6 19. Ba3 Qxa3 20. Qxd7 Qf8 21. h3 Bxc6 22. Qxc6 a5 23. Rf4 Qd6 24. Qb7 c5 25. Qxf7+ Kh8 26. d5 Rcd8 27. Rcf1 h6 28. Rg4 Qe5 29. Rf5 Qc3 30. Kh2 Qb2 31. d6 Rg8 32. Qe7 Qd2 33. Rxg7 Rxg7 34. Qxd8+ Kh7 35. Rf8 Qxe3 36. Rh8+ Kg6 37. Qe8+ 1-0

[Event "Klaipeda Sea rapid op 16th"]
[Site "Klaipeda"]
[Date "2019.07.27"]
[Round "1"]
[White "Kaunas, Kestutis"]
[Black "Griksaite, Egle"]
[Result "1-0"]
[WhiteElo "2154"]
[BlackElo "1293"]
[PlyCount "95"]
[EventDate "2019.07.27"]
[EventType "swiss (rapid)"]
[EventRounds "7"]
[EventCountry "LTU"]
[SourceTitle "CBM 191 Extra"]
[Source "ChessBase"]
[SourceDate "2019.09.30"]
[SourceVersion "1"]
[SourceVersionDate "2019.09.30"]
[SourceQuality "1"]

1. d4 Nf6 2. c4 g6 3. Nc3 d6 4. e4 Bg7 5. Nf3 0-0 6. Be2 Bg4 7. Be3 Nbd7 8. 0-0 Re8 9. Nd2 Bxe2 10. Qxe2 e5 11. d5 Nb6 12. b4 c6 13. dxc6 bxc6 14. c5 d5 15. cxb6 d4 16. Nc4 dxc3 17. Rfd1 Qe7 18. b7 Rab8 19. Nd6 Red8 20. Bc5 Qe6 21. Rac1 Ne8 22. Nxe8 Rxe8 23. Qa6 Red8 24. Rxd8+ Rxd8 25. Bxa7 Qg4 26. b8Q Rxb8 27. Bxb8 Bf8 28. a3 Qxe4 29. Qf1 Bh6 30. Re1 Qd4 31. Bxe5 Qd2 32. Bf6 Qd7 33. Qe2 Qd6 34. Bxc3 Bg7 35. Qe8+ Bf8 36. Qe5 Qxe5 37. Rxe5 c5 38. bxc5 Bg7 39. Re3 Bf8 40. c6 Bd6 41. Re8+ Bf8 42. c7 h5 43. c8Q Kh7 44. Rxf8 Kh6 45. Qc5 f5 46. h4 g5 47. Qd6+ Kh7 48. Rh8# 1-0

[Event "Klaipeda Sea rapid op 16th"]
[Site "Klaipeda"]
[Date "2019.07.27"]
[Round "4"]
[White "Kaunas, Kestutis"]
[Black "Vardanyan, Aras"]
[Result "0-1"]
[WhiteElo "2154"]
[BlackElo "1944"]
[PlyCount "58"]
[EventDate "2019.07.27"]
[EventType "swiss (rapid)"]
[EventRounds "7"]
[EventCountry "LTU"]
[SourceTitle "CBM 191 Extra"]
[Source "ChessBase"]
[SourceDate "2019.09.30"]
[SourceVersion "1"]
[SourceVersionDate "2019.09.30"]
[SourceQuality "1"]

1. d4 Nf6 2. Bf4 c5 3. c3 d5 4. e3 Nc6 5. Nf3 Qb6 6. Qb3 c4 7. Qc2 Bf5 8. Qc1 Nh5 9. Be5 Nxe5 10. dxe5 f6 11. Be2 Bg6 12. 0-0 e6 13. Nbd2 fxe5 14. Nxe5 Bd6 15. Nxg6 hxg6 16. h3 0-0-0 17. Bg4 Be5 18. Nf3 Bc7 19. Qc2 Rh6 20. Nd4 g5 21. Rad1 Kb8 22. e4 Nf6 23. Bxe6 Qd6 24. f4 Nxe4 25. Rde1 Rxe6 26. Nxe6 Qxe6 27. fxg5 Qe5 28. g4 Rh8 29. Qg2 Bb6+ 0-1

[Event "Klaipeda Sea rapid op 16th"]
[Site "Klaipeda"]
[Date "2019.07.27"]
[Round "2"]
[White "Leclere, Daniel"]
[Black "Kaunas, Kestutis"]
[Result "1/2-1/2"]
[WhiteElo "1630"]
[BlackElo "2154"]
[PlyCount "143"]
[EventDate "2019.07.27"]
[EventType "swiss (rapid)"]
[EventRounds "7"]
[EventCountry "LTU"]
[SourceTitle "CBM 191 Extra"]
[Source "ChessBase"]
[SourceDate "2019.09.30"]
[SourceVersion "1"]
[SourceVersionDate "2019.09.30"]
[SourceQuality "1"]

1. e4 Nf6 2. e5 Nd5 3. d4 d6 4. c4 Nb6 5. exd6 exd6 6. Nc3 Nc6 7. Be3 Be7 8. Be2 0-0 9. Nf3 Bg4 10. b3 d5 11. c5 Nc8 12. h3 Bh5 13. Qd2 h6 14. g4 Bg6 15. h4 b6 16. h5 Be4 17. cxb6 axb6 18. Nxe4 dxe4 19. Qc2 Bb4+ 20. Kf1 exf3 21. Bxf3 Nxd4 22. Bxd4 Qxd4 23. Rd1 Qxd1+ 24. Bxd1 c5 25. Bf3 Ra7 26. Kg2 Nd6 27. Rd1 Nb5 28. a4 Nd4 29. Qc4 Rd7 30. Be4 Rfd8 31. f4 Ne6 32. Rxd7 Rxd7 33. f5 Rd4 34. fxe6 Rxc4 35. bxc4 fxe6 36. Kf3 Kf7 37. Bg6+ Kf6 38. Ke4 Bd2 39. Be8 Bc3 40. Bg6 Kg5 41. Kf3 Bd4 42. Bf7 Kf6 43. Bg6 Ke5 44. Bf7 Bb2 45. Ke3 Bc1+ 46. Kd3 Bg5 47. Bg8 Kf6 48. Ke4 Bd2 49. Bh7 Kg5 50. Kf3 Kh4 51. Bg8 e5 52. Bd5 Bc3 53. Be4 Bd4 54. Bb1 Kh3 55. Be4 Kh2 56. Bb1 Kg1 57. Bd3 Bb2 58. Kg3 Bc1 59. Kf3 Bf4 60. Be2 Bg5 61. Bd3 Bc1 62. Be2 e4+ 63. Kxe4 Kf2 64. Bd1 Ke1 65. Bf3 Kd2 66. Kd5 Kd3 67. Bg2 Bd2 68. Bf1+ Ke3 69. Ke5 Bc3+ 70. Kf5 Kd2 71. Bg2 Kc2 72. Bc6 1/2-1/2

[Event "Klaipeda Sea op-B 16th"]
[Site "Klaipeda"]
[Date "2019.07.24"]
[Round "3"]
[White "Kaunas, Kestutis"]
[Black "Sibajeva, Marija"]
[Result "1-0"]
[WhiteElo "2154"]
[BlackElo "1996"]
[PlyCount "89"]
[EventDate "2019.07.22"]
[EventType "swiss"]
[EventRounds "7"]
[EventCountry "LTU"]
[SourceTitle "CBM 191 Extra"]
[Source "ChessBase"]
[SourceDate "2019.09.30"]
[SourceVersion "1"]
[SourceVersionDate "2019.09.30"]
[SourceQuality "1"]

1. d4 Nf6 2. c4 g6 3. Nc3 d5 4. cxd5 Nxd5 5. e4 Nxc3 6. bxc3 Bg7 7. Rb1 c5 8. Nf3 0-0 9. Be2 Nc6 10. d5 Ne5 11. Nxe5 Bxe5 12. Qd2 Bg7 13. 0-0 f5 14. exf5 Rxf5 15. c4 Bd4 16. Bb2 e5 17. Bxd4 exd4 18. Bg4 Rf6 19. Bxc8 Qxc8 20. Rfe1 Rf7 21. Re6 Qd7 22. Rbe1 Raf8 23. f3 Qc7 24. R1e4 Rd8 25. h4 Qd7 26. h5 gxh5 27. Qg5+ Rg7 28. Qxh5 Rf8 29. d6 Qf7 30. Qd5 Rxg2+ 31. Kh1 Rg6 32. Rxg6+ hxg6 33. d7 Qxd5 34. cxd5 Kf7 35. Rf4+ Ke7 36. Rxf8 Kxd7 37. Kg2 Ke7 38. Rb8 b6 39. Kf2 Kd6 40. Rd8+ Kc7 41. Rg8 Kd6 42. Rxg6+ Kxd5 43. Ke2 c4 44. Rg5+ Ke6 45. a4 1-0

[Event "Panevezys Elite op"]
[Site "Panevezys"]
[Date "2019.06.25"]
[Round "2"]
[White "Stasans, Aivars"]
[Black "Kaunas, Kestutis"]
[Result "0-1"]
[WhiteElo "2039"]
[BlackElo "2151"]
[PlyCount "22"]
[EventDate "2019.06.24"]
[EventType "swiss"]
[EventRounds "9"]
[EventCountry "LTU"]
[SourceTitle "CBM 191 Extra"]
[Source "ChessBase"]
[SourceDate "2019.09.30"]
[SourceVersion "1"]
[SourceVersionDate "2019.09.30"]
[SourceQuality "1"]

1. e4 Nf6 2. e5 Nd5 3. d4 d6 4. Bc4 Nb6 5. Bb3 dxe5 6. Qh5 e6 7. dxe5 Nc6 8. Nf3 g6 9. Qg4 h5 10. Qg3 Nd4 11. 0-0 Ne2+ 0-1

[Event "LTU-chT"]
[Site "Lithuania"]
[Date "2019.04.27"]
[Round "6.4"]
[White "Kaunas, Kestutis"]
[Black "Martinkus, Rolandas"]
[Result "1-0"]
[WhiteElo "2156"]
[BlackElo "2185"]
[PlyCount "75"]
[EventDate "2019.01.26"]
[EventType "team-swiss"]
[EventRounds "7"]
[EventCountry "LTU"]
[SourceTitle "CBM 190 Extra"]
[Source "ChessBase"]
[SourceDate "2019.07.15"]
[SourceVersion "1"]
[SourceVersionDate "2019.07.15"]
[SourceQuality "1"]
[WhiteTeam "Kaunas Gambiteriai"]
[BlackTeam "Marijampole Suduvos Jaunimas"]
[WhiteTeamCountry "LTU"]
[BlackTeamCountry "LTU"]

1. d4 d6 2. e4 g6 3. Nc3 Bg7 4. Be3 a6 5. a4 e6 6. h3 b6 7. g4 Bb7 8. Bg2 Ne7 9. Nge2 Nd7 10. Qd2 h6 11. Ng3 c6 12. 0-0 b5 13. d5 Ne5 14. dxc6 N7xc6 15. axb5 Nc4 16. bxc6 Nxd2 17. cxb7 Nxf1 18. bxa8Q Qxa8 19. Bxf1 0-0 20. Rxa6 Qb7 21. Rb6 Qe7 22. Bd3 Rc8 23. Kg2 d5 24. exd5 exd5 25. Nce2 Qc7 26. Rb4 Ra8 27. c3 Bf8 28. Rb5 Ra1 29. Nd4 Qd7 30. Be2 Ra4 31. b3 Ra2 32. Bf3 Qc8 33. Nge2 Qa6 34. b4 Bg7 35. Rb8+ Kh7 36. b5 Qd6 37. Rb7 Kg8 38. Nc6 1-0

[Event "LTU-ch"]
[Site "Vilnius"]
[Date "2019.03.20"]
[Round "8"]
[White "Mickevicius, Juras"]
[Black "Kaunas, Kestutis"]
[Result "1-0"]
[WhiteElo "2273"]
[BlackElo "2156"]
[PlyCount "83"]
[EventDate "2019.03.15"]
[EventType "swiss"]
[EventRounds "9"]
[EventCountry "LTU"]
[SourceTitle "CBM 189 Extra"]
[Source "ChessBase"]
[SourceDate "2019.06.03"]
[SourceVersion "1"]
[SourceVersionDate "2019.06.03"]
[SourceQuality "1"]

1. d4 d5 2. c4 c6 3. Nf3 Nf6 4. e3 Bf5 5. Nc3 e6 6. Nh4 Be4 7. f3 Bg6 8. Qb3 Qc7 9. Bd2 Bd6 10. 0-0-0 Nbd7 11. cxd5 exd5 12. e4 dxe4 13. Nxg6 hxg6 14. fxe4 Bf4 15. e5 Nd5 16. Bxf4 Nxf4 17. Ne4 0-0 18. g3 Nd5 19. Bh3 N7b6 20. Rhf1 a5 21. a3 a4 22. Qd3 Nc8 23. Ng5 Qe7 24. Ne4 Ra5 25. Rd2 Rb5 26. Nc5 Rxc5+ 27. dxc5 Qxc5+ 28. Kb1 Nce7 29. Qd4 Qxd4 30. Rxd4 Ra8 31. Bd7 Ra5 32. e6 f6 33. Be8 Nf5 34. Rd3 Nfe7 35. g4 Kf8 36. Bf7 g5 37. Rh1 g6 38. h4 gxh4 39. Rxh4 Nf4 40. Rd7 Rd5 41. Rh8+ Kg7 42. Rh3 1-0

[Event "LTU-ch"]
[Site "Vilnius"]
[Date "2019.03.16"]
[Round "3"]
[White "Sarauskas, Andrius"]
[Black "Kaunas, Kestutis"]
[Result "1/2-1/2"]
[WhiteElo "1703"]
[BlackElo "2156"]
[PlyCount "87"]
[EventDate "2019.03.15"]
[EventType "swiss"]
[EventRounds "9"]
[EventCountry "LTU"]
[SourceTitle "EXT 2021"]
[Source "ChessBase"]
[SourceDate "2020.10.23"]
[SourceVersion "1"]
[SourceVersionDate "2020.10.23"]
[SourceQuality "1"]

1. Nf3 d5 2. g3 Nf6 3. Bg2 c6 4. 0-0 Bg4 5. d4 e6 6. Nbd2 Be7 7. Re1 Nbd7 8. e4 0-0 9. c3 Bh5 10. e5 Ne8 11. Nb3 c5 12. Be3 Rc8 13. Nc1 Nb6 14. Nd3 Nc4 15. Qe2 b6 16. Nf4 Bg4 17. h4 Nc7 18. Rac1 Qd7 19. Nh3 cxd4 20. Bxd4 Nb5 21. Red1 Rc7 22. Nf4 Rfc8 23. Nd3 Bf8 24. Kh2 a5 25. Bh3 Nxd4 26. cxd4 Bxf3 27. Qxf3 a4 28. Qe2 b5 29. b4 axb3 30. axb3 Na3 31. Qd2 Rc2 32. Qa5 Rxc1 33. Rxc1 Rxc1 34. Nxc1 Qc6 35. Nd3 Qc2 36. Bf1 Qxb3 37. Nc5 Qb2 38. Nd7 Nc4 39. Bxc4 Qxf2+ 40. Kh1 Qf3+ 41. Kh2 bxc4 42. Nxf8 Kxf8 43. Kh3 Qf1+ 44. Kh2 1/2-1/2

[Event "Vilnius Zavanelli Memorial op-A"]
[Site "Vilnius"]
[Date "2018.10.26"]
[Round "7"]
[White "Kaunas, Kestutis"]
[Black "Siniauski, Artsiom"]
[Result "1-0"]
[WhiteElo "2149"]
[BlackElo "2199"]
[PlyCount "91"]
[EventDate "2018.10.22"]
[EventType "swiss"]
[EventRounds "9"]
[EventCountry "LTU"]
[SourceTitle "CBM 187 Extra"]
[Source "ChessBase"]
[SourceDate "2018.11.04"]
[SourceVersion "1"]
[SourceVersionDate "2018.11.04"]
[SourceQuality "1"]

1. d4 Nf6 2. c4 c6 3. Nf3 d5 4. Nc3 g6 5. cxd5 cxd5 6. Bf4 Qb6 7. Qb3 Nc6 8. Qxb6 axb6 9. e3 Bf5 10. Bb5 Rc8 11. Be5 Rd8 12. Na4 Bd7 13. Bxf6 exf6 14. Nxb6 Bb4+ 15. Ke2 0-0 16. a3 Ba5 17. Nxd7 Rxd7 18. Rhc1 Rc8 19. b4 Bd8 20. Ne1 Rdc7 21. Bxc6 Rxc6 22. Rxc6 Rxc6 23. Kd2 Ra6 24. Nd3 g5 25. Kc3 f5 26. a4 f4 27. Nc5 Ra7 28. a5 Kf8 29. exf4 gxf4 30. Nb3 Ke7 31. b5 Kd6 32. Kb4 Bf6 33. b6 Ra6 34. Kb5 Ra8 35. Rc1 Bd8 36. Nc5 Rb8 37. Re1 Bf6 38. a6 bxa6+ 39. Nxa6 Rb7 40. Nc5 Rb8 41. Rd1 h6 42. b7 Bd8 43. Ra1 f3 44. gxf3 Bc7 45. Ra8 Ke7 46. h3 1-0

[Event "Kaunas Amateur-ch"]
[Site "Kaunas"]
[Date "2018.08.18"]
[Round "2"]
[White "Vardanyan, Aras"]
[Black "Kaunas, Kestutis"]
[Result "0-1"]
[WhiteElo "1758"]
[BlackElo "2149"]
[PlyCount "118"]
[EventDate "2018.08.18"]
[EventType "swiss"]
[EventRounds "8"]
[EventCountry "LTU"]
[SourceTitle "CBM 186 Extra"]
[Source "ChessBase"]
[SourceDate "2018.08.24"]
[SourceVersion "1"]
[SourceVersionDate "2018.08.24"]
[SourceQuality "1"]

1. d4 d5 2. Nf3 Nf6 3. Bf4 c5 4. c3 e6 5. e3 Nc6 6. Nbd2 Be7 7. h3 a6 8. a4 b6 9. Bd3 Bb7 10. 0-0 0-0 11. Bh2 Nd7 12. Ne5 Ncxe5 13. dxe5 f6 14. Qh5 f5 15. f4 c4 16. Bc2 Nc5 17. Nf3 Qe8 18. Qxe8 Rfxe8 19. Nd4 Bc8 20. Kf2 Bd7 21. g4 g6 22. Ra2 Kf7 23. Ke2 Rab8 24. Bg3 Rb7 25. Rfa1 h5 26. b4 cxb3 27. Nxb3 Nxb3 28. Bxb3 Rc7 29. gxf5 gxf5 30. Rc2 Rg8 31. Bf2 b5 32. axb5 Bxb5+ 33. Kf3 Bd3 34. Rcc1 Rb8 35. Bc2 Be4+ 36. Bxe4 fxe4+ 37. Ke2 Rb2+ 38. Kf1 Rc6 39. Rab1 Rxc3 40. Rxb2 Rxc1+ 41. Ke2 a5 42. Rb7 Rc2+ 43. Kf1 Ke8 44. Be1 a4 45. Ra7 a3 46. Ra8+ Kd7 47. Ra7+ Rc7 48. Rxc7+ Kxc7 49. Bc3 Kc6 50. Ke2 Kb5 51. Kd1 Bc5 52. Kd2 Kc4 53. Ba1 a2 54. f5 exf5 55. e6 d4 56. exd4 Be7 57. Ke3 Kd5 58. Kd2 Kxe6 59. Kc2 f4 0-1

[Event "Klaipeda Sea 15th"]
[Site "Klaipeda"]
[Date "2018.07.28"]
[Round "8"]
[White "Laurusas, Tomas"]
[Black "Kaunas, Kestutis"]
[Result "1-0"]
[WhiteElo "2465"]
[BlackElo "2148"]
[PlyCount "47"]
[EventDate "2018.07.23"]
[EventType "tourn"]
[EventRounds "9"]
[EventCountry "LTU"]
[EventCategory "3"]
[SourceTitle "CBM 185 Extra"]
[Source "ChessBase"]
[SourceDate "2018.07.29"]
[SourceVersion "1"]
[SourceVersionDate "2018.07.29"]
[SourceQuality "1"]

1. d4 d5 2. c4 e6 3. Nf3 Nf6 4. g3 Bb4+ 5. Bd2 Be7 6. Bg2 0-0 7. 0-0 Nbd7 8. Nc3 dxc4 9. a4 a5 10. e4 e5 11. dxe5 Ng4 12. Bf4 f6 13. Qd5+ Kh8 14. exf6 Ngxf6 15. Qxc4 Nc5 16. Nd4 c6 17. Rad1 Qb6 18. e5 Ne8 19. e6 Qb4 20. Qa2 Bf6 21. Be3 Bxd4 22. Rxd4 Bxe6 23. Rxb4 Bxa2 24. Rh4 1-0

[Event "Klaipeda Sea 15th"]
[Site "Klaipeda"]
[Date "2018.07.25"]
[Round "5"]
[White "Gleizerov, Evgeny"]
[Black "Kaunas, Kestutis"]
[Result "1-0"]
[WhiteElo "2513"]
[BlackElo "2148"]
[PlyCount "84"]
[EventDate "2018.07.23"]
[EventType "tourn"]
[EventRounds "9"]
[EventCountry "LTU"]
[EventCategory "3"]
[SourceTitle "CBM 185 Extra"]
[Source "ChessBase"]
[SourceDate "2018.07.29"]
[SourceVersion "1"]
[SourceVersionDate "2018.07.29"]
[SourceQuality "1"]

1. d4 Nf6 2. c4 e6 3. g3 c6 4. Bg2 d5 5. Nf3 Be7 6. 0-0 0-0 7. Nc3 Nbd7 8. Qd3 b6 9. e4 Ba6 10. b3 c5 11. exd5 exd5 12. Rd1 Rc8 13. dxc5 dxc4 14. bxc4 Bxc5 15. Nb5 Bxb5 16. cxb5 Ng4 17. Qxd7 Nxf2 18. Qxd8 Nxd1+ 19. Qd4 Rfd8 20. Qxc5 Rxc5 21. a4 Rc2 22. Bf4 Nc3 23. Bf1 Ne2+ 24. Bxe2 Rxe2 25. Ne5 f6 26. Nc6 Rd7 27. Bb8 h5 28. Bxa7 Rdd2 29. Bxb6 Rg2+ 30. Kf1 Rxh2 31. Bg1 Rh1 32. b6 Rb2 33. b7 Rxb7 34. Kg2 Rxg1+ 35. Kxg1 Rb6 36. Nd4 Rb4 37. Ne2 Kf7 38. a5 Rb8 39. a6 g5 40. a7 Ra8 41. Nc3 Ke6 42. Na4 Kd5 1-0